| 000 | 01554nab a22002417a 4500 | ||
|---|---|---|---|
| 999 |
_c6443 _d6443 |
||
| 003 | OSt | ||
| 005 | 20260204095406.0 | ||
| 008 | 190429b xxu||||| |||| 00| 0 spa d | ||
| 040 | _cPJ | ||
| 100 |
_97068 _aGorini, Franco Nicolás |
||
| 245 | 1 | 0 |
_aImprescriptibilidad de los delitos de funcionarios públicos y su tratamiento en la jurisprudencia nacional. Luces y sombras de un debate actual / _cFranco Nicolás Gorini. |
| 260 |
_cCiudad Autónoma de Buenos Aires : _aThomson Reuters La Ley, _b2024. |
||
| 300 | _ap. 87-94 | ||
| 500 | _aCita Online: AR/DOC/2686/2024. | ||
| 505 | _aSumario: I. Introducción.— II. La corrupción como delito y sus consecuencias sobre los derechos humanos.— III. Notas sobre el instituto de la prescripción penal.— IV. El concepto de funcionario público.— V. El tratamiento de la imprescriptibilidad de la corrupción en el derecho comparado.— VI. El tratamiento de la imprescriptibilidad de los delitos de corrupción en la jurisprudencia nacional.— VII. Una referencia inexcusable: el debate parlamentario sobre el texto constitucional.— VIII. A modo de conclusión. | ||
| 505 | _tSi te interesa el texto completo, solicitalo a koha@justierradelfuego.gov.ar | ||
| 650 | 0 |
_9343 _aDERECHO PENAL |
|
| 650 | 0 |
_91496 _aFUNCIONARIOS PUBLICOS |
|
| 650 | 0 |
_92910 _aCORRUPCIÓN |
|
| 650 | 0 |
_9234 _aDERECHO COMPARADO |
|
| 773 | 0 |
_02658 _93164 _tRevista de derecho penal y criminología. Nº 1 - Febrero 2024 _dCiudad Autónoma de Buenos Aires : Thomson Reuters La Ley, 2017- _x00347914 |
|
| 942 |
_2udc _cANA |
||